Analysis of the Translation of a Selected Literary Work bakalárska práca

Uložené v:
Podrobná bibliografia
Hlavný autor: Nekorancová, Ester
Korporativný autor: Fakulta aplikovaných jazykov EU v Bratislave. Katedra jazykovedy a translatológie
Ďalší autori: Vargová, Dominika, 1987-
Médium: Kniha
Jazyk:English
Vydavateľské údaje: Bratislava 2021
Tagy: Pridať tag
Žiadne tagy, Buďte prvý, kto otaguje tento záznam!

MARC

LEADER 00000nbm a2200000 4500
001 0274902
005 20220216083851.1
041 0 |a eng 
044 |a SK 
245 1 0 |a Analysis of the Translation of a Selected Literary Work  |b bakalárska práca  |c Ester Nekorancová ; školiteľ: Dominika Vargová 
264 1 |a Bratislava  |c 2021 
300 |a 44 s. 
100 1 |a Nekorancová, Ester 
700 1 |a Vargová, Dominika, 1987- 
710 2 |a Fakulta aplikovaných jazykov EU v Bratislave. Katedra jazykovedy a translatológie